Βελτιστοποίηση διαδρομών απορριμματοφόρων στην πόλη της Μυτιλήνης
Αποθηκεύτηκε σε:
| Κύριος συγγραφέας: | |
|---|---|
| Συγγραφή απο Οργανισμό/Αρχή: | |
| Μορφή: | Thesis Βιβλίο |
| Γλώσσα: | Greek |
| Δημοσίευση: |
2016.
|
| Θέματα: | |
| Διαθέσιμο Online: | http://hdl.handle.net/11610/23848 |
| Ετικέτες: |
Προσθήκη ετικέτας
Δεν υπάρχουν, Καταχωρήστε ετικέτα πρώτοι!
|
MARC
| LEADER | 00000cam a2200000 a 4500 | ||
|---|---|---|---|
| 001 | 1/114325 | ||
| 008 | 170609s2016####gr | ||| |||| ||gre|| | ||
| 040 | |a GR-MyUa |b gre |c GR-MyUa |e AACR2 | ||
| 041 | 0 | |a gre | |
| 082 | 7 | |a 363.7285 |2 (23) | |
| 100 | 1 | |a Αθουσάκη, Βικτώρια. | |
| 245 | 1 | 0 | |a Βελτιστοποίηση διαδρομών απορριμματοφόρων στην πόλη της Μυτιλήνης / |c επιβλέπων καθηγητής: Δημητρακόπουλος Παναγιώτης ; φοιτήτρια: Αθουσάκη Βικτώρια. |
| 260 | |c 2016. | ||
| 300 | |a 109 σ. : |b εικ., διαγρ., πιν. ; |c 30 εκ. | ||
| 502 | |a Διατριβή (μεταπτυχιακή) - Πανεπιστήμιο Αιγαίου, Λέσβος, 2016. | ||
| 504 | |a Βιβλιογραφία: σ. 108-109. | ||
| 506 | 0 | |a Ηλεκτρονική διάθεση στο πλήρες κείμενο - ελεύθερης πρόσβασης. | |
| 540 | |a Κλειδωμένη η δυνατότητα αντιγραφής (copy) από το ηλεκτρονικό κείμενο. | ||
| 650 | 0 | |a Refuse collection |z Greece |z Mytilene (Lesbos) | |
| 650 | 0 | |a Refuse and refuse disposal |z Greece |z Mytilene (Lesbos) | |
| 700 | 1 | |a Δημητρακόπουλος, Παναγιώτης Γ. |e dgs | |
| 710 | 2 | |a Πανεπιστήμιο Αιγαίου |b Σχολή Περιβάλλοντος |b Τμήμα Περιβάλλοντος |b Πρόγραμμα Μεταπτυχιακών Σπουδών Οικολογική Μηχανική και Κλιματική Αλλαγή. | |
| 852 | |a INST |b LESVOS |c DIATR |e 20170609 |h 294 |p 005100059460 |q 005100059460 |t MTXE |y 23 | ||
| 856 | |u http://hdl.handle.net/11610/23848 | ||
| 924 | |a Αθουσάκη |b Βικτώρια |y Λέσβος |z 2016-03 | ||
| 970 | |a Πατσή |b Ανθίππη |z 09-06-2017 | ||